Lilo & Stitch 2 : (Record no. 16413)

MARC details
000 -LEADER
fixed length control field 01729ngm a2200337 4500
003 - CONTROL NUMBER IDENTIFIER
control field dpl
005 - DATE AND TIME OF LATEST TRANSACTION
control field 20080723110517.0
007 - PHYSICAL DESCRIPTION FIXED FIELD--GENERAL INFORMATION
fixed length control field DVD
008 - FIXED-LENGTH DATA ELEMENTS--GENERAL INFORMATION
fixed length control field ||||||sp199 xxu|||||c|||| 00| 0 eng d
010 ## - LIBRARY OF CONGRESS CONTROL NUMBER
LC control number DVD-000844-846
024 ## - OTHER STANDARD IDENTIFIER
Standard number or code A1858
Terms of availability 599.00
035 ## - SYSTEM CONTROL NUMBER
System control number DVD-000844-846
040 ## - CATALOGING SOURCE
Original cataloging agency DPL
Transcribing agency DPL
082 ## - DEWEY DECIMAL CLASSIFICATION NUMBER
Classification number DVD / LILO
245 ## - TITLE STATEMENT
Title Lilo & Stitch 2 :
Statement of responsibility, etc Walt Disney Home Entertainment
Medium [videorecording] DVD/
Remainder of title Stich has a Glitch
246 ## - VARYING FORM OF TITLE
Title proper/short title .
260 ## - PUBLICATION, DISTRIBUTION, ETC. (IMPRINT)
Name of publisher, distributor, etc Walt Disney Home Entertainment
300 ## - PHYSICAL DESCRIPTION
Extent 1 videodisc DVD; (68 min.) :
Other physical details sd., col. ;
Dimensions 4 3/4 in.
Type of unit DVD
440 ## - SERIES STATEMENT/ADDED ENTRY--TITLE
Title Walt Disney Home Entertainment
500 ## - GENERAL NOTE
General note Sole Distributor in India M/s. Excel Productions Autio Visuals Pvt. Ltd.
500 ## - GENERAL NOTE
General note Bonus Short: The Origins of Stitch, Music and More Music Video, Backstage Disney
500 ## - GENERAL NOTE
General note This DVD is Copy Protected
538 ## - SYSTEM DETAILS NOTE
System details note Dolby Digital 5.1 -English, Mandarin Subtitles: English, Chinese, Bahasa,, Thai, Korean
538 ## - SYSTEM DETAILS NOTE
System details note Aspect Ratio: 1.78:1, Presentation type: Wide Screen, Presentation Size 16x9, Format DVD 9 Dual Layer Single Sided Disc.
650 ## - SUBJECT ADDED ENTRY--TOPICAL TERM
Topical term or geographic name as entry element Animated Movie
942 ## - ADDED ENTRY ELEMENTS (KOHA)
Koha item type CD-ROMs, DVDs, VHS
Source of classification or shelving scheme Dewey Decimal Classification
Classification part DVD
Call number suffix LILO
Holdings
Withdrawn status Lost status Source of classification or shelving scheme Damaged status Not for loan Home library Current library Date acquired Source of acquisition Cost, normal purchase price Total Checkouts Full call number Barcode Date last seen Copy number Cost, replacement price Price effective from Koha item type Date checked out
    Dewey Decimal Classification     Central Library Central Library 08/10/2008 Purchase 599.00   DVD LILO DVD-000844 08/10/2008 1 599.00 08/10/2008 CD-ROMs, DVDs, VHS  
    Dewey Decimal Classification     Patel Nagar Patel Nagar 08/10/2008 Purchase 599.00 3 DVD LILO DVD-000846 27/08/2011 1 599.00 08/10/2008 CD-ROMs, DVDs, VHS 26/12/2010
    Dewey Decimal Classification     Sarojini Nagar Sarojini Nagar 08/10/2008 Purchase 599.00 7 DVD LILO DVD-000845 13/01/2017 1 599.00 08/10/2008 CD-ROMs, DVDs, VHS 30/12/2016

© Delhi Public Library
Hit Counter
free hit counter